Unix y Linux Guía Práctica / Sebasti n Sanchez Prieto (Registro nro. 13283)
[ vista simple ]
| 000 -LÍDER | |
|---|---|
| fixed length control field | 00480nam a2200145 4500 |
| 008 - ELEMENTOS DE LONGITUD FIJA -- INFORMACIÓN GENERAL | |
| fixed length control field | 0 1999 0a 000 0Mex |
| 020 ## - NÚMERO INTERNACIONAL NORMALIZADO PARA LIBROS | |
| ISBN | 970-15-0441-0 |
| 050 ## - SIGNATURA TOPOGRAFICA DE LA BIBLIOTECA DEL CONGRESO (LC) | |
| Número de Clasificación | QA76.8.U65 S36 1999 |
| 082 ## - NUMERO DE CLASIFICACION DECIMAL DEWEY | |
| Número de Clasificación | 005.42 S211u |
| 100 ## - ASIENTO PRINCIPAL--NOMBRE PERSONAL | |
| Nombre personal | S nchez, Prieto Sabasti n |
| 245 ## - TÍTULO | |
| Título | Unix y Linux Guía Práctica / Sebasti n Sanchez Prieto |
| 260 ## - PUBLICACIÓN, DISTRIBUCIÓN, ETC. (PIE DE IMPRENTA) | |
| Lugar de publicación, distribución, etc. | México : Alfaomega |
| 300 ## - DESCRIPCIÓN FÍSICA | |
| Extensión | 386 p. / 23 cm. |
| 650 ## - ASIENTO SECUNDARIO DE MATERIA - TERMINO TEMÁTICO | |
| Término temático o nombre geográfico como elemento de entrada | 1. UNIX ( PROGRAMA PARA COMPUTADORA ) \ 2. LINUX ( SISTEMA OPERATIVO) |
| No. biblioteca | No. biblioteca | Número de clasificación | Código de barras/Número de adquisición | Número de copia | Tipo de material |
|---|---|---|---|---|---|
| LUIS G. INCLAN | LUIS G. INCLAN | 005.42 S211u | 39307 | 1 | Libros |
| LUIS G. INCLAN | LUIS G. INCLAN | 005.42 S211u | 39308 | 2 | Libros |
| LUIS G. INCLAN | LUIS G. INCLAN | 005.42 S211u | 39309 | 3 | Libros |
| LUIS G. INCLAN | LUIS G. INCLAN | 005.42 S211u | 39310 | 4 | Libros |
| LUIS G. INCLAN | LUIS G. INCLAN | 005.42 S211u | 39803 | 5 | Libros |
